Datos para la historia de los orígenes de la ciudad de Santo Domingo : (Registro nro. 13632)

Detalles MARC
000 -LEADER
fixed length control field 01387nam a2200277 a 4500
001 - CONTROL NUMBER
control field
003 - CONTROL NUMBER IDENTIFIER
control field DO-SdBNP
005 - DATE AND TIME OF LATEST TRANSACTION
control field 20210806095317.0
008 - FIXED-LENGTH DATA ELEMENTS--GENERAL INFORMATION
fixed length control field 110405s1978 dr 000 0 spa d
040 ## - CATALOGING SOURCE
Original cataloging agency BPMSU
Language of cataloging spa
Transcribing agency BPMSU
049 ## - LOCAL HOLDINGS (OCLC)
Holding library
082 ## - DEWEY DECIMAL CLASSIFICATION NUMBER
Classification number 972.9302
Item number R896f 1978
Edition number 22
100 1# - MAIN ENTRY--PERSONAL NAME
Personal name Rubio, Vicente
Titles and words associated with a name Fray
245 10 - TITLE STATEMENT
Title Datos para la historia de los orígenes de la ciudad de Santo Domingo :
Remainder of title (Proceso Corvera Roldán y Pasamonte-Roldán ) /
Statement of responsibility, etc. Fray Vicente Rubio.
260 ## - PUBLICATION, DISTRIBUTION, ETC. (IMPRINT)
Place of publication, distribution, etc. Santo Domingo :
Name of publisher, distributor, etc. Editora Fudación García- Arévalo,
Date of publication, distribution, etc. 1978.
300 ## - PHYSICAL DESCRIPTION
Extent 94 p. ;
Dimensions 22 cm.
490 0# - SERIES STATEMENT
Series statement Monográfica,
Volume/sequential designation 7
500 ## - GENERAL NOTE
General note Incluye referencias bibliográficas y notas al pie de las páginas
505 0# - FORMATTED CONTENTS NOTE
Formatted contents note Nota legalizada de un inmueble vendido a Alonso Pérez Roldán en la Almoneda de Cristóbal de Santa Clara --Proceso Corvera-Roldán -- Interrogatorio en Santo Domingo del proceso Pasamonte - Roldán -- Carta de receptoría del alcalde mayor de Santo Domingo autorizando al procurador del bachiller Juan Roldán, un examen de testigos en los reinos de Castilla -- Interrogatorio de Sevilla --Interrogatorio de Moguer
590 ## - LOCAL NOTE (RLIN)
Linkage (RLIN) Inventariado, 2021/VM
650 ## - SUBJECT ADDED ENTRY--TOPICAL TERM
Topical term or geographic name as entry element
651 #4 - SUBJECT ADDED ENTRY--GEOGRAPHIC NAME
Geographic name Santo Domingo (República Dominicana )
General subdivision Historia
Chronological subdivision Siglo XVI
651 #4 - SUBJECT ADDED ENTRY--GEOGRAPHIC NAME
Geographic name Santo Domingo (República Dominicana)
General subdivision Vida social y costumbres
Chronological subdivision Siglo XVI
910 ## - USER-OPTION DATA (OCLC)
User-option data VMateo V.
942 ## - ADDED ENTRY ELEMENTS (KOHA)
Source of classification or shelving scheme Dewey Decimal Classification
Koha item type Libros
Existencias
Withdrawn status Lost status Source of classification or shelving scheme Damaged status Not for loan Collection code Home library Current library Date acquired Source of acquisition Full call number Barcode Date last seen Price effective from Koha item type
    Dewey Decimal Classification     Colección Dominicana Biblioteca Pública Metropolitana Salomé Ureña Biblioteca Pública Metropolitana Salomé Ureña 08/06/2021 Reyes Duluc BPMSU CD 972.9302 R896f 1978 BPMSU21080023 08/06/2021 08/06/2021 Libros